00602nam a2200193Ia 450000500170000000800410001702000150005808200170007310000310009024500560012126000600017730000190023765000110025665000100026765000110027794200060028895200990029499900150039320240821021032.0240331s9999 xx 000 0 und d a0889367728 bKITa613.042 aKitts, J. and Robert, H.J 4aThe health gap :bbeyond pregnancy and reproduction aCanadabInternational Development Research Centerc1996 aix, 235 p ., aGender aWomen aHealth cL 001040708LaWERCLbWERCLcSSCd2024-03-31l0o 613.042 KITp2399r2024-03-31w2024-03-31yL c3005d3005